| 000 | 01466cam a2200373 a 4500 | ||
|---|---|---|---|
| 003 | OSt | ||
| 005 | 20240530110538.0 | ||
| 008 | 121212s2013 nyua g 000 0 eng d | ||
| 020 | _a9781438072821 (pbk. : with audio CDs) | ||
| 020 | _a9781438001562 (pbk : book only) | ||
| 020 | _a9781438072845 (book with audio CD's and CDROM) | ||
| 020 | _a9781438072838 (audio CD's only) | ||
| 035 | _a(OCoLC)ocn840915058 | ||
| 040 |
_aEG-CaGPL _cEG-CaGPL |
||
| 042 | _alccopycat | ||
| 082 | 0 | 4 |
_221 _a420.76\ _bS B |
| 100 | 1 | _aSharpe, Pamela J. | |
| 245 | 1 | 0 |
_aBARRON,S TOEFL iBT : _binternet-based test / _cPamela J. Sharpe. |
| 246 | 3 | 0 | _aBARRON,S TOEFL iBT |
| 246 | 3 | _aTOEFL internet-based test | |
| 246 | 3 | 1 | _aBarron's test of English as a foreign language Internet-based test |
| 250 | _a14th ed. ; audio ed. | ||
| 260 |
_aHauppauge, NY : _bBarron's, _cc2013. |
||
| 300 |
_axii, 808 p. : _bill. ; _c28 cm + _e10 sound discs (digital ; 4 3/4 in.) |
||
| 500 | _aBarron's. | ||
| 500 | _aIncludes glossary. | ||
| 500 | _aCDs include listening activities, sample speaking responses, and model tests. | ||
| 650 | 0 |
_aEnglish language _vTextbooks for foreign speakers. |
|
| 650 | 0 |
_aEnglish language _xStudy and teaching _xForeign speakers. |
|
| 650 | 0 |
_aTest of English as a Foreign Language _vStudy guides. |
|
| 650 | 0 |
_aEnglish language _xExaminations _vStudy guides. |
|
| 650 | 0 |
_aEnglish language _vSound recordings for foreign speakers. |
|
| 942 |
_2ddc _cBK |
||
| 999 |
_c62197 _d62197 |
||